Catálogo
 En Linea

Cristóbal Colón y la isla Española / (Registro nro. 29722)

Detalles MARC
000 -CABECERA
campo de control de longitud fija 01222nam a2200301 a 4500
001 - NÚMERO DE CONTROL
campo de control 000030230
003 - IDENTIFICADOR DEL NÚMERO DE CONTROL
campo de control DO-SdBNP
005 - FECHA Y HORA DE LA ÚLTIMA TRANSACCIÓN
campo de control 20251010111921.0
008 - DATOS DE LONGITUD FIJA--INFORMACIÓN GENERAL
campo de control de longitud fija 110505s1942 dr abc r 000 0 spa d
040 ## - FUENTE DE LA CATALOGACIÓN
Centro catalogador/agencia de origen DO-SdBNP
Lengua de catalogación spa
Centro/agencia transcriptor BNPHU
082 ## - NÚMERO DE LA CLASIFICACIÓN DECIMAL DEWEY
Número de clasificación 972.9302
Número de documento/Ítem I37c
100 1# - ENTRADA PRINCIPAL--NOMBRE DE PERSONA
Nombre de persona Incháustegui, J. Mariano
9 (RLIN) 54339
245 10 - MENCIÓN DE TÍTULO
Título Cristóbal Colón y la isla Española /
Mención de responsabilidad, etc. J. Mariano Incháustegui.
260 ## - PUBLICACIÓN, DISTRIBUCIÓN, ETC.
Lugar de publicación, distribución, etc. Santiago, República Dominicana :
Nombre del editor, distribuidor, etc. El Diario,
Fecha de publicación, distribución, etc. 1942.
300 ## - DESCRIPCIÓN FÍSICA
Extensión [203 p.] :
Otras características físicas il., mapas, retrs. ;
Dimensiones 21 cm.
490 1# - MENCIÓN DE SERIE
Mención de serie Historia crítica de Santo Domingo
Designación de volumen o secuencia 1
500 ## - NOTA GENERAL
Nota general Incluye índice
504 ## - NOTA DE BIBLIOGRAFÍA, ETC.
Nota de bibliografía, etc. Incluye bibliografía y notas al final de los capítulos.
590 ## - NOTA LOCAL (RLIN)
Nota local Inventariado, 2018/MFF
600 14 - PUNTO DE ACCESO ADICIONAL DE MATERIA--NOMBRE DE PERSONA
Nombre de persona COLÓN, CRISTÓBAL,
Fechas asociadas al nombre 1451-1506
Subdivisión de forma ENSAYOS, CONFERENCIAS, ETC.
9 (RLIN) 56917
651 #4 - PUNTO DE ACCESO ADICIONAL DE MATERIA--NOMBRE GEOGRÁFICO
Nombre geográfico Isla La Española
Subdivisión general Historia
9 (RLIN) 52433
651 #0 - PUNTO DE ACCESO ADICIONAL DE MATERIA--NOMBRE GEOGRÁFICO
Nombre geográfico República Dominicana --
Subdivisión general Historia --
Subdivisión cronológica Descubrimiento y conquista, 1492-1503
9 (RLIN) 255
651 #0 - PUNTO DE ACCESO ADICIONAL DE MATERIA--NOMBRE GEOGRÁFICO
Nombre geográfico América del Sur
Subdivisión general Historia
Subdivisión cronológica Guerras de Independencia, 1806-1830
Subdivisión de forma ENSAYOS, CONFERENCIAS, ETC.
9 (RLIN) 4537
651 #0 - PUNTO DE ACCESO ADICIONAL DE MATERIA--NOMBRE GEOGRÁFICO
Nombre geográfico Haití
9 (RLIN) 56919
830 #0 - PUNTO DE ACCESO ADICIONAL DE SERIE-TÍTULO UNIFORME
Título uniforme Historia crítica de Santo Domingo
Designación de volumen o secuencia 1
9 (RLIN) 56920
910 ## - DATOS DE OPCIÓN DEL USUARIO (OCLC)
Datos de opción del usuario Validado. Control de calidad EMS.
942 ## - ELEMENTOS DE PUNTO DE ACCESO ADICIONAL (KOHA)
Fuente del sistema de clasificación o colocación Dewey Decimal Classification
Tipo de ítem Koha Libro
Existencias
Estado de retiro Estado de pérdida Restricciones de uso No para préstamo Código de colección Localización permanente Ubicación/localización actual Ubicación en estantería Fecha de adquisición Número de inventario Total de préstamos Signatura topográfica completa Código de barras Fecha visto por última vez Número de copia Precio válido a partir de Tipo de ítem Koha Nota pública
  Extraviado   Excluido de préstamo Raros y valiosos General General Extraviado 01.08.2011 LF1   972.9302 I37c 30230-40 25.06.2020 e. 4 25.06.2020 No se presta  
        Raros y valiosos General General Depósito 01.08.2011 LF1   972.9302 I37c 30230-30 25.06.2020 e. 3 25.06.2020 Préstamo en sala Perteneció a la biblioteca personal de F. Henríquez Carvajal
      Excluido de préstamo Raros y valiosos Patrimonio Dominicano Patrimonio Dominicano Depósito 05.05.2011 LF1   972.9302 I37c 30230-10 25.06.2020   25.06.2020 No se presta Perteneció a la biblioteca personal de Luis E. García Aybar
      Excluido de préstamo Raros y valiosos Patrimonio Dominicano Patrimonio Dominicano Depósito 26.07.2011 LF1   972.9302 I37c 30230-20 25.06.2020 e. 2 25.06.2020 No se presta  

Con tecnología Koha